000 00499nam a2200181Ia 4500
003 GCL
008 140319s9999 xx 000 0 ara d
040 _aGCL /
_cGCL
082 0 4 _a939.7
_bن ت
100 1 _aنعوم شقير
245 1 0 _aتاريخ السودان القديم /
_cنعوم شقير
300 _a148 ص
490 _a100 قصة
_v0
650 0 4 _aاثيوبيا
650 0 4 _aالعالم القديم - تاريخ
650 0 4 _aالسودان - تاريخ
942 _2ddc
_cBK
999 _c46385
_d46385